00439nam a2200121Ia 4500008004100000100003400041245009000075245003400165260005900199650001800258650001500276856002600291170221s9999 xx 000 0 und d aSeyyed-Abdolhamid Mirhosseini aListen to What Doctors Say: Discursive Authority in Two Persian Medical Publications  cSeyyed-Abdolhamid Mirhosseini bOnline Journal of Communication and Media Technologies xCommunication xMedia Arts uhttp://www.ojcmt.net/